Chelsea FC Squad 2016-2017 - Statistics

General Stats
  • This quiz has been taken 72 times
  • The average score is 20 of 27
Answer Stats
# Position Nation Player % Correct
10 FW Belgium Eden Hazard
100%
15 FW Nigeria Victor Moses
93%
1 GK Bosnia and Herzegovina Asmir Begović
90%
28 DF Spain César Azpilicueta
90%
13 GK Belgium Thibaut Courtois
90%
2 DF Serbia Branislav Ivanović
88%
4 MF Spain Cesc Fàbregas
88%
22 FW Brazil Willian
88%
19 FW Spain Diego Costa
87%
7 MF France N'Golo Kanté
87%
11 FW Spain Pedro
87%
- Coach Italy Antonio Conte
83%
21 MF Serbia Nemanja Matić
83%
30 DF Brazil David Luiz
82%
24 DF England Gary Cahill
82%
26 DF England John Terry
82%
3 DF Spain Marcos Alonso
82%
8 MF Brazil Oscar
82%
5 DF France Kurt Zouma
72%
23 FW Belgium Michy Batshuayi
67%
14 MF England Ruben Loftus-Cheek
62%
6 DF Netherlands Nathan Aké
57%
16 DF Brazil Kenedy
35%
35 FW Belgium Charly Musonda Jr.
33%
34 DF Nigeria Ola Aina
28%
29 MF England Nathaniel Chalobah
27%
37 GK Portugal Eduardo
20%
No matching quizzes found
Score Distribution
Percent of People with Each Score
Percentile by Number Answered
Your Score History
You have not taken this quiz